Juegos Florales de la II Feria Nacional del Mar (Record no. 73316)

MARC details
000 -LEADER
campo de control de longitud fija 00715nam a22002171 4500
001 - NÚMERO DE CONTROL
campo de control 73316
003 - IDENTIFICADOR DE NÚMERO DE CONTROL
campo de control ES-MaACL
005 - FECHA Y HORA DE LA ÚLTIMA TRANSACCIÓN
campo de control 20240714063059.0
007 - CAMPO FIJO DE DESCRIPCIÓN FÍSICA--INFORMACIÓN GENERAL
campo de control de longitud fija t|
008 - DATOS DE LONGITUD FIJA--INFORMACIÓN GENERAL
campo de control de longitud fija 040929s1961 sp ||||0| spa d
016 7# - NÚMERO DE CONTROL DE UNA AGENCIA BIBLIOGRÁFICA NACIONAL
Número de control cancelado/no válido IND9200367640
040 ## - FUENTE DE CATALOGACIÓN
Centro catalogador/agencia de origen M-BN
Lengua de catalogación spa
Centro/agencia transcriptor A2
080 ## - NÚMERO DE LA CLASIFICACIÓN DECIMAL UNIVERSAL
Número de la Clasificación Decimal Universal 86-56"19":061.75(461.11 F.)"1961"
100 1# - ENTRADA PRINCIPAL--NOMBRE DE PERSONA
Nombre de persona Gómez de Aranda, Luis,
Fechas asociadas al nombre 1916-2004
9 (RLIN) 57881
245 10 - MENCIÓN DEL TÍTULO
Título Juegos Florales de la II Feria Nacional del Mar
Resto del título : Discurso del mantenedor.
260 ## - PUBLICACIÓN, DISTRIBUCIÓN, ETC.
Lugar de publicación, distribución, etc. El Ferrol del Caudillo :
Nombre del editor, distribuidor, etc. [s.n.],
Fecha de publicación, distribución, etc. 1961.
300 ## - DESCRIPCIÓN FÍSICA
Extensión 9 h ;
Dimensiones 27 cm.
711 2# - ENTRADA AGREGADA--NOMBRE DE REUNIÓN
Nombre de congreso/reunión o jurisdicción como elemento de entrada Feria Nacional del Mar (
Número del congreso/reunión o número de parte o sección 2ª.
Fecha del congreso o de la firma del tratado 1961.
Sede del congreso/Lugar de la reunión El Ferrol del Caudillo)
9 (RLIN) 734
852 ## - LOCALIZACIÓN
Ubicación ES-MaACL
Número de control de estantería C-30896
Sublocalización o colección R.49224
Holdings
Estatus retirado Estado de pérdida Estado de daño No para préstamo Biblioteca de origen Biblioteca actual Ubicación en estantería Fecha de adquisición Fuente de adquisición Total de préstamos Signatura topográfica completa Código de barras Visto por última vez Precio de reemplazo Tipo de ítem Koha
        Biblioteca del Ateneo de Madrid Biblioteca del Ateneo de Madrid Depósito 2 17/01/2008     C-30896 1076747 23/02/2023 23/02/2023 Libro impreso